| 000 | 05064cam a2200541 i 4500 | ||
|---|---|---|---|
| 001 | in00024296655 | ||
| 003 | DLC | ||
| 005 | 20260429111701.0 | ||
| 006 | a|||||r|||| 00| 0 | ||
| 007 | ta | ||
| 008 | 250807s2025 nyuab rb 001 0 eng | ||
| 010 | _a 2025023991 | ||
| 020 | _a9780593719510 (hardcover) | ||
| 020 | _a0593719514 (hardcover) | ||
| 020 |
_z9780593719527 _qebook |
||
| 040 |
_aDLC _beng _erda _cDLC _dDLC-MRC _dDLC _dDLC-MRC |
||
| 041 | _aeng | ||
| 042 | _apcc | ||
| 043 |
_an-us--- _0http://id.loc.gov/authorities/names/n78095330 |
||
| 043 |
_ae-uk--- _0http://id.loc.gov/authorities/names/n79023147 |
||
| 050 | 1 | 4 |
_a002 E 209 _bB435a 2025 |
| 100 | 1 |
_aBell, Richard, _d1978- _948051 |
|
| 245 | 1 | 4 |
_aThe American Revolution and the fate of the world / _cRichard Bell. |
| 264 | 1 |
_aNew York : _bRiverhead Books, _c2025. |
|
| 300 |
_a406 pages : _billustrations, maps ; _c24 cm |
||
| 336 |
_atext _btxt _2rdacontent _0http://id.loc.gov/vocabulary/contentTypes/txt |
||
| 337 |
_aunmediated _bn _2rdamedia _0http://id.loc.gov/vocabulary/mediaTypes/n |
||
| 338 |
_avolume _bnc _2rdacarrier _0http://id.loc.gov/vocabulary/carriers/nc |
||
| 340 | _0http://id.loc.gov/vocabulary/millus/ill | ||
| 340 | _0http://id.loc.gov/vocabulary/millus/map | ||
| 504 | _aIncludes bibliographical references (pages 365-387) and index. | ||
| 505 | 0 | _aIntroduction: A world turned upside down The Empress of China : the Boston Tea Party and the fight for free trade Disunited kingdom : the British people and the American war Shock troops : Hessian soldiers and the counterinsurgency campaign Molly Brant : native diplomacy and the fight for indigenous independence The line of Ireland : Erin's solder's and the transatlantic struggle for liberty Baron Steuben : the Prussian drillmaster at Valley Forge Long live King Louis : the French alliance and the road to Yorktown William Russell : privateers, prisoners, and Britain's black holes The crown jewels : the battle for the British Caribbean Harry Washington : slavery, freedom, and the pursuit of happiness in Africa The Spanish reconquest : dreams and defeats in Spain's New World Independence lost : the invasion of India and the rebirth of empire Warra warra : the convict crisis and the odyssey to Australia Peggy Shippen : loyalists, mongrels, and the great refugee resettlement Conclusion: A vast globe sent up into the air Acknowledgments Notes Index | |
| 520 | _a"A prize-winning historian's fascinating and unfamiliar recasting of America's war of independence as a transformative international event In this revelatory and enthralling book, award-winning historian Richard Bell reveals the full breadth and depth of America's founding event. The American Revolution was not only the colonies' triumphant liberation from the rule of an overbearing England; it was also a cataclysm that pulled in participants from around the globe and threw the entire world order into chaos. Repositioning the Revolution at the center of an international web, Bell's narrative ranges as far afield as India, Africa, Central America, and Australia. As his lens widens, the "War of Independence" manifests itself as a sprawling struggle that upended the lives of millions of people on every continent and fundamentally transformed the way the world works, disrupting trade, restructuring penal systems, stirring famine, and creating the first global refugee crisis. Bell conveys the impact of these developments at home and abroad by grounding the narrative in the gripping stories of individuals--including women, minorities, and other disenfranchised people. The result is an unforgettable and unexpected work of American history that shifts everything we thought we knew about our creation story"-- Provided by publisher. | ||
| 651 | 0 |
_aUnited States _xHistory _yRevolution, 1775-1783 _xInfluence |
|
| 651 | 0 |
_aEstados Unidos _xHistoria _yRevolución, 1775-1783 _xInfluencia _92778 |
|
| 651 | 0 |
_aUnited States _xHistory _yRevolution, 1775-1783 _xForeign public opinion |
|
| 651 | 4 |
_aEstados Unidos _xHistoria _xOpinión pública extranjera _yRevolución, 1775-1783 _948193 |
|
| 651 | 0 |
_aGreat Britain _xColonies _xHistory _y18th century |
|
| 651 | 4 |
_aGran Bretaña _xColonias _xHistoria _ySiglo xviii _948195 |
|
| 758 | _1http://id.loc.gov/resources/instances/in00024296655 | ||
| 758 |
_4http://id.loc.gov/ontologies/bibframe/instanceOf _1http://id.loc.gov/resources/works/in00024296655 |
||
| 776 | 1 |
_iOnline version _4http://id.loc.gov/entities/relationships/onlineversion _aBell, Richard, 1978- _tThe American Revolution and the fate of the world _dNew York: Riverhead Books, 2025 _win00024296655 _w(DLC)2025023992 _z9780593719527 _z9780593719510 |
|
| 884 |
_aDLC bibframe2marc v3.1-dev _g20260106 _qDLC _uhttps://github.com/lcnetdev/bibframe2marc/tree/v3.1-dev |
||
| 906 |
_a0 _bvip _corignew _d1 _eecip _f20 _gy-gencatlg |
||
| 942 |
_2lcc _cBK |
||
| 946 | _illh | ||
| 999 |
_c126880 _d126880 |
||